Models of capitalism : growth and stagnation in the modern era /

This book is divided into three parts: Capitalist models: the arguments; Capitalist models: the evidence; and Conclusion.

Na minha lista:
Detalhes bibliográficos
Autor principal: Coates, David.
Formato: Livro
Idioma:English
Publicado em: Cambridge : Polity Press, 2000.
Assuntos:
Tags: Adicionar Tag
Sem tags, seja o primeiro a adicionar uma tag!
Thư viện lưu trữ: Mạng thư viện Đại học Đà Nẵng
LEADER 00931cam a2200325 i 4500
001 000047390
003 7059
005 20030310091020.0
008 010315|2000 vm 000 eng
020 |a 0745620590 
040 |a IRC  |c IRC  |d IRC 
041 0 |a eng 
082 1 4 |a 330.122  |b CO-D 
100 1 |a Coates, David. 
245 0 0 |a Models of capitalism :  |b growth and stagnation in the modern era /  |c David Coates. 
260 |a Cambridge :  |b Polity Press,  |c 2000. 
300 |a x, 304 p. ;  |c 23cm. 
520 3 |a This book is divided into three parts: Capitalist models: the arguments; Capitalist models: the evidence; and Conclusion. 
630 0 4 |a Capitalism. 
650 0 4 |a Capitalism. 
OWN |a DUT 
999 |a From the UDN01 
TYP |a Monograph 
TYP |a Printed language 
980 |a Mạng thư viện Đại học Đà Nẵng